| 000 | 00587cam a2200193 4500500 | ||
|---|---|---|---|
| 005 | 20260329003742.0 | ||
| 041 | _afre | ||
| 042 | _adc | ||
| 100 | 1 | 0 |
_aNathan, Tobie _eauthor |
| 245 | 0 | 0 | _aLe pouvoir au féminin |
| 260 | _c2016. | ||
| 500 | _a80 | ||
| 690 | _aÉlisabeth Badinter | ||
| 690 | _aFéminisme | ||
| 690 | _aMarie-Thérèse d’Autriche | ||
| 690 | _aPouvoir | ||
| 786 | 0 | _nPhilosophie magazine | 105 | 12-1 | 2016-12-01 | p. 60-60 | 1951-1787 | |
| 856 | 4 | 1 | _uhttps://shs.cairn.info/magazine-philosophie-magazine-2016-12-1-page-60?lang=fr&redirect-ssocas=7080 |
| 999 |
_c1827356 _d1827356 |
||